Landen in een Ei van de Wereldkaart - Statistieken

Algemene statistieken
  • Deze quiz is 3.553 keer genomen
  • De gemiddelde score is 24 van 27
Antwoorden op de kaart
Antwoorden kleurgecodeerd door een groen-rode schaal op de quizkaart volgens % correct hieronder.
 
Antwoordstatistieken
Land % Correct
Egypte
98%
Turkije
98%
Saoedi-Arabië
96%
Irak
95%
Iran
95%
Israël
95%
Griekenland
94%
Cyprus
93%
Jemen
93%
Qatar
93%
Oman
91%
Syrië
91%
Libië
90%
Soedan
90%
Verenigde Arabische Emiraten
89%
Jordanië
87%
Somalië
87%
Zuid-Soedan
87%
Ethiopië
85%
Libanon
84%
Koeweit
83%
Tsjaad
81%
Eritrea
80%
Bahrein
78%
Niger
78%
Djibouti
75%
Centraal-Afrikaanse Republiek
71%
Geen overeenkomende quizzen gevonden
Scoreverdeling
Procent van Mensen met Elke Score
Percentiel versus Aantal Correcte Antwoorden
Uw Scoregeschiedenis
U heeft deze quiz nog niet genomen